Giáo trình bóng chuyền
Zapisane w:
| 1. autor: | |
|---|---|
| Kolejni autorzy: | |
| Format: | Książka |
| Język: | Undetermined |
| Wydane: |
H.
ĐHSP
2003
|
| Hasła przedmiotowe: | |
| Dostęp online: | http://lrc.tdmu.edu.vn/opac/search/detail.asp?aID=2&ID=5672 |
| Etykiety: |
Dodaj etykietę
Nie ma etykietki, Dołącz pierwszą etykiete!
|
| Thư viện lưu trữ: | Trung tâm Học liệu Trường Đại học Thủ Dầu Một |
|---|
| LEADER | 00620nam a2200205Ia 4500 | ||
|---|---|---|---|
| 001 | TDMU_5672 | ||
| 008 | 210410s9999 xx 000 0 und d | ||
| 082 | |a 796.325 | ||
| 090 | |b NG525 | ||
| 100 | |a Nguyễn, Viết Minh | ||
| 245 | 0 | |a Giáo trình bóng chuyền | |
| 245 | 0 | |c Nguyễn Viết Minh | |
| 260 | |a H. | ||
| 260 | |b ĐHSP | ||
| 260 | |c 2003 | ||
| 300 | |a 196tr. | ||
| 650 | |a Bóng chuyền |v Giáo trình | ||
| 700 | |a Hồ, Đắc Sơn | ||
| 856 | |u http://lrc.tdmu.edu.vn/opac/search/detail.asp?aID=2&ID=5672 | ||
| 980 | |a Trung tâm Học liệu Trường Đại học Thủ Dầu Một | ||